[Event "Heusenstamm Sparkassen Open"]
[Site "Heusenstamm"]
[Date "2017.11.26"]
[Round "7.10"]
[White "Meyner, Hannes"]
[Black "Milov, Leonid"]
[Result "1/2-1/2"]
[WhiteElo "2159"]
[BlackElo "2453"]
[PlyCount "84"]
[EventDate "2017.??.??"]

1. Nf3 f5 2. d4 Nf6 3. g3 g6 4. Bg2 Bg7 5. O-O O-O 6. c4 d6 7. Nc3 c6 8. Rb1 a5
9. b3 Qc7 10. d5 Na6 11. Nd4 Bd7 12. Ba3 Nc5 13. Qd2 Rfe8 14. Rfd1 e5 15. dxe6
Bxe6 16. Nxe6 Rxe6 17. Bxc5 dxc5 18. e3 Bf8 19. Qc2 Rae8 20. Rd2 Qg7 21. Rbd1
Qh6 22. Bf3 Be7 23. Ne2 Qf8 24. Nf4 Rd6 25. h4 Kf7 26. a4 Rxd2 27. Qxd2 Bd8 28.
Nh3 Bc7 29. Ng5+ Kg7 30. Qc3 Qe7 31. Kg2 Qe5 32. Qxe5 Rxe5 33. Nh3 Re7 34. Ng1
Rd7 35. Rxd7+ Nxd7 36. Ne2 Nf6 37. Nc1 Kf7 38. Nd3 Bd6 39. Kf1 h6 40. Ke2 g5
41. hxg5 hxg5 42. Bg2 g4 1/2-1/2

[Event "Heusenstamm Sparkassen Open"]
[Site "Heusenstamm"]
[Date "2017.11.26"]
[Round "7.11"]
[White "Colpe, Malte"]
[Black "Kersten, Uwe"]
[Result "1/2-1/2"]
[WhiteElo "2404"]
[BlackElo "2234"]
[PlyCount "73"]
[EventDate "2017.??.??"]

1. d4 d6 2. e4 Nf6 3. Nc3 e5 4. Nge2 exd4 5. Nxd4 Be7 6. Bf4 O-O 7. Qd2 Nc6 8.
O-O-O Nxd4 9. Qxd4 a6 10. f3 b5 11. Kb1 c5 12. Qd2 b4 13. Nd5 Nxd5 14. exd5 Bd7
15. Bc4 Bb5 16. Qd3 Bg5 17. Bg3 Bxc4 18. Qxc4 a5 19. Bf4 a4 20. h4 Bxf4 21.
Qxf4 a3 22. b3 Re8 23. Rhe1 Qd7 24. Kc1 Rxe1 25. Rxe1 Re8 26. Rxe8+ Qxe8 27.
Kd2 Qe7 28. Qg5 Qe8 29. g4 Qa8 30. h5 h6 31. Qf5 Qd8 32. Kd3 Qe7 33. Kd2 Qh4
34. Qc8+ Kh7 35. Qf5+ Kg8 36. Qc8+ Kh7 37. Qf5+ 1/2-1/2

[Event "Heusenstamm Sparkassen Open"]
[Site "Heusenstamm"]
[Date "2017.11.26"]
[Round "7.12"]
[White "Gutman, Lev"]
[Black "Legde, Georg"]
[Result "1/2-1/2"]
[WhiteElo "2410"]
[BlackElo "2306"]
[PlyCount "106"]
[EventDate "2017.??.??"]

1. Nf3 Nf6 2. g3 b6 3. Bg2 Bb7 4. O-O e6 5. c4 Be7 6. b3 O-O 7. Bb2 c5 8. d4
cxd4 9. Qxd4 d6 10. Nc3 a6 11. Rfd1 Nbd7 12. e4 Qc7 13. Ba3 Nc5 14. e5 dxe5 15.
Qxe5 Qb8 16. Qxb8 Raxb8 17. Ne5 Rfc8 18. g4 Bxg2 19. Kxg2 b5 20. Bxc5 Rxc5 21.
Nd7 Nxd7 22. Rxd7 Kf8 23. Ne4 Re5 24. Nd2 Ke8 25. Rd3 Bb4 26. cxb5 axb5 27. Nf3
Rc5 28. a3 Rc3 29. Rxc3 Bxc3 30. Ra2 Ra8 31. Kf1 Bb4 32. a4 bxa4 33. bxa4 Ke7
34. Ke2 Kd6 35. Kd3 Kd5 36. Nd4 e5 37. Nc2 e4+ 38. Ke2 Bc5 39. a5 Kc4 40. Ne3+
Kb5 41. Rb2+ Ka6 42. Rc2 Kb5 43. Rb2+ Ka6 44. Nf5 g6 45. Ng3 Re8 46. g5 Re5 47.
h4 Kxa5 48. Rb7 Re7 49. Rxe7 Bxe7 50. Nxe4 Kb5 51. Kd3 Kc6 52. Kd4 Kd7 53. Ke5
Ke8 1/2-1/2

[Event "Heusenstamm Sparkassen Open"]
[Site "Heusenstamm"]
[Date "2017.11.26"]
[Round "7.13"]
[White "Biriukov, Nikolai"]
[Black "Maehrlein, Christoph"]
[Result "0-1"]
[WhiteElo "2393"]
[BlackElo "2035"]
[PlyCount "82"]
[EventDate "2017.??.??"]

1. c4 e6 2. Nc3 d5 3. d4 Bb4 4. e3 Nf6 5. Nf3 c5 6. Bd3 dxc4 7. Bxc4 O-O 8. O-O
cxd4 9. exd4 b6 10. Qe2 Bb7 11. Bg5 h6 12. Bh4 Nc6 13. Rad1 Be7 14. Ne5 Qc8 15.
Ng6 Rd8 16. Nxe7+ Nxe7 17. Bxf6 gxf6 18. Bd3 f5 19. Qe3 Kg7 20. Be2 Ng6 21. Bf3
Bxf3 22. Qxf3 Qd7 23. Rfe1 Rac8 24. d5 e5 25. Ne2 Rc4 26. Ng3 Kf6 27. d6 f4 28.
Ne4+ Kg7 29. g3 f5 30. Nc3 e4 31. Qh5 Rc5 32. Kh1 fxg3 33. fxg3 Qc6 34. Rf1 f4
35. Qe2 e3+ 36. Kg1 Rxd6 37. Rxd6 Qxd6 38. Ne4 Qd4 39. Nxc5 bxc5 40. Rd1 f3 41.
Qd3 e2+ 0-1

[Event "Heusenstamm Sparkassen Open"]
[Site "Heusenstamm"]
[Date "2017.11.26"]
[Round "7.14"]
[White "Liard, Thibaud"]
[Black "Pfreundt, Jakob"]
[Result "1-0"]
[WhiteElo "2169"]
[BlackElo "2391"]
[PlyCount "123"]
[EventDate "2017.??.??"]

1. d4 d5 2. Bf4 Nf6 3. e3 c5 4. c3 Nc6 5. Nd2 e6 6. Ngf3 Bd6 7. Bg3 O-O 8. Bb5
h6 9. O-O Bxg3 10. hxg3 Qb6 11. a4 Bd7 12. Nb3 c4 13. Nc5 Nb8 14. b3 Bxb5 15.
axb5 Qxb5 16. bxc4 Qxc4 17. Ne5 Qb5 18. Rb1 Qa5 19. Rxb7 Na6 20. Nc6 Qa3 21.
Qa1 Qxa1 22. Rxa1 Nb8 23. Ne7+ Kh7 24. Raxa7 Rxa7 25. Rxa7 Rd8 26. f3 Nbd7 27.
Nxd7 Nxd7 28. Rc7 Nf6 29. Nc6 Rd7 30. Rxd7 Nxd7 31. Kf2 Nb6 32. Ke2 Kg6 33. e4
h5 34. exd5 exd5 35. Ne5+ Kf6 36. Kd3 Ke6 37. c4 dxc4+ 38. Nxc4 Nd7 39. Ne3 g5
40. f4 gxf4 41. gxf4 Nf6 42. Kc4 Ne4 43. d5+ Kf6 44. Kd4 Nf2 45. f5 Ke7 46. Nc4
Ng4 47. d6+ Kd7 48. Kc5 f6 49. Kd5 h4 50. Nb6+ Kd8 51. Ke6 Ne3 52. Kxf6 Nxg2
53. Kg5 Ne1 54. Kxh4 Nf3+ 55. Kh5 Nd4 56. f6 Ne6 57. f7 Ng7+ 58. Kg6 Ne6 59.
Kf6 Nf8 60. Kg7 Ne6+ 61. Kg8 Nf8 62. Nc4 1-0

[Event "Heusenstamm Sparkassen Open"]
[Site "Heusenstamm"]
[Date "2017.11.26"]
[Round "7.15"]
[White "Lagunow, Raphael"]
[Black "Pitzanti, Matteo"]
[Result "1-0"]
[WhiteElo "2385"]
[BlackElo "2182"]
[PlyCount "83"]
[EventDate "2017.??.??"]

1. e4 c6 2. d4 d5 3. exd5 cxd5 4. Bd3 Nc6 5. c3 Nf6 6. Bf4 g6 7. h3 Bf5 8. Bxf5
gxf5 9. Nf3 e6 10. Ne5 Rg8 11. O-O Nxe5 12. dxe5 Ne4 13. Nd2 Nxd2 14. Qxd2 Bc5
15. g3 Qc7 16. Rac1 O-O-O 17. Qe2 Kb8 18. Kh2 Ka8 19. Rfd1 Qc6 20. b4 Bb6 21.
c4 dxc4 22. Rxc4 Qa4 23. Rdc1 a6 24. R1c2 Qd7 25. Rd2 Qb5 26. Rd6 Ba7 27. Qc2
Bb8 28. a4 Qe8 29. Rxd8 Qxd8 30. b5 Qd5 31. Rc5 Qf3 32. Rc3 Qd5 33. Qe2 a5 34.
b6 Qd4 35. Rb3 Rc8 36. Be3 Qc4 37. Qb2 Rc6 38. Rb5 Qxa4 39. Rb3 Qc4 40. Ra3 a4
41. Qa1 Rxb6 42. Bxb6 1-0

[Event "Heusenstamm Sparkassen Open"]
[Site "Heusenstamm"]
[Date "2017.11.26"]
[Round "7.16"]
[White "Stork, Oliver"]
[Black "Kramer, Julian"]
[Result "0-1"]
[WhiteElo "2156"]
[BlackElo "2356"]
[PlyCount "84"]
[EventDate "2017.??.??"]

1. c4 Nf6 2. Nf3 g6 3. g3 Bg7 4. Bg2 c6 5. O-O O-O 6. b3 Ne4 7. d4 d5 8. Bb2
Bf5 9. Nc3 Nxc3 10. Bxc3 Be4 11. Rc1 Re8 12. Re1 Nd7 13. Nh4 Bxg2 14. Nxg2 Nf6
15. f3 Bh6 16. Rc2 Qb6 17. Kh1 a5 18. e4 e6 19. Rb2 Qa6 20. Qe2 b5 21. Bd2 Bg7
22. Rc1 bxc4 23. bxc4 Nd7 24. e5 Reb8 25. Rcb1 Rxb2 26. Rxb2 c5 27. Bc3 dxc4
28. f4 cxd4 29. Bxd4 Qc6 30. Rc2 Rc8 31. h3 Qd5 32. Bb2 Nb6 33. Kh2 Bf8 34. Rd2
Qc6 35. Bc3 Bb4 36. Bxb4 axb4 37. Rd6 Qc5 38. Ne3 c3 39. Ng4 c2 40. Nf6+ Kg7
41. Nh5+ gxh5 42. Qxh5 Qf2+ 0-1

[Event "Sparkassen-Open A"]
[Site "Heusenstamm, Martinsee"]
[Date "2017.11.26"]
[Round "7.17"]
[White "Neukirchner, Pascal"]
[Black "Berg, Klaus"]
[Result "1/2-1/2"]
[WhiteElo "2139"]
[BlackElo "2340"]
[PlyCount "113"]
[EventDate "2017.??.??"]
[WhiteTeam "SK Gründau"]
[BlackTeam "SG Turm Kiel"]

1. d4 Nf6 2. c4 g6 3. f3 Bg7 4. e4 d6 5. Nc3 O-O 6. Bg5 c5 7. d5 e6 8. Qd2 exd5
9. cxd5 h6 10. Be3 a6 11. a4 Nh7 12. Nge2 h5 13. Nf4 Nd7 14. Be2 Ne5 15. O-O
Bd7 16. a5 b5 17. axb6 Qxb6 18. Rab1 a5 19. b3 Rfb8 20. Nd3 Nxd3 21. Bxd3 Qb4
22. Rfc1 Bc8 23. Kh1 Nf6 24. Qe2 Qb6 25. Na4 Qd8 26. Bg5 Bb7 27. Bc4 Qc7 28.
Re1 Re8 29. Qd3 Nd7 30. Bb5 Ra7 31. Rbc1 Qc8 32. Bf4 Ne5 33. Bxe5 Rxe5 34. f4
Re7 35. e5 Qb8 36. Bc4 Bc8 37. e6 f5 38. Nxc5 dxc5 39. d6 Bd4 40. dxe7 Rxe7 41.
Qf3 Kg7 42. Qg3 Bb7 43. Rc2 Qh8 44. Ra2 Qd8 45. Ree2 Qb6 46. h3 Bc6 47. Kh2 Qb4
48. Qe1 Bc3 49. Qc1 h4 50. Rac2 Bf6 51. Qd2 Qb8 52. Kh1 a4 53. bxa4 Bxa4 54.
Ra2 Bc6 55. Re1 Rb7 56. Rc2 Bd4 57. Rec1 1/2-1/2

[Event "Sparkassen-Open A"]
[Site "Heusenstamm, Martinsee"]
[Date "2017.11.26"]
[Round "7.18"]
[White "Solonar, Stefan"]
[Black "Hilzinger, Markus"]
[Result "1-0"]
[WhiteElo "2315"]
[BlackElo "2134"]
[PlyCount "93"]
[EventDate "2017.??.??"]
[WhiteTeam "SC Heusenstamm"]
[BlackTeam "SC Pforzheim"]

1. Nf3 Nf6 2. c4 g6 3. Nc3 Bg7 4. e4 d6 5. d4 O-O 6. Be2 e5 7. O-O Nc6 8. d5
Ne7 9. Nd2 Ne8 10. b4 f5 11. c5 Nf6 12. f3 f4 13. Nc4 g5 14. a4 Ng6 15. Ba3 Rf7
16. a5 Bf8 17. a6 bxa6 18. Na5 Ne8 19. Nc6 Qf6 20. Bb2 g4 21. fxg4 Qg5 22. cxd6
Bxd6 23. Kh1 Nf6 24. Nd8 Bxg4 25. Nxf7 Kxf7 26. Rxa6 Nh4 27. Rf2 Bxb4 28. Rxf6+
Kxf6 29. Bxg4 Bc5 30. Rc2 Rg8 31. Na4 Bd6 32. Bf3 Rg6 33. Qf1 Rh6 34. Kg1 Ke7
35. Bc3 Kd8 36. Be1 Nf5 37. exf5 e4 38. Bxe4 f3 39. Qxf3 Bxh2+ 40. Kf1 Be5 41.
Nc5 Rh1+ 42. Ke2 Qh6 43. Ne6+ Kd7 44. Bg3 Bxg3 45. Qxg3 Qh5+ 46. Kf2 Qd1 47.
Rxc7+ 1-0

[Event "Sparkassen-Open A"]
[Site "Heusenstamm, Martinsee"]
[Date "2017.11.26"]
[Round "7.20"]
[White "Engel, Berthold"]
[Black "Khanukov, Boris"]
[Result "1/2-1/2"]
[WhiteElo "2125"]
[BlackElo "2289"]
[PlyCount "120"]
[EventDate "2017.??.??"]
[WhiteTeam "BG Buchen"]
[BlackTeam "Bahn-SC Wuppertal"]

1. e4 g6 2. c4 Bg7 3. Nc3 c5 4. Nf3 Nc6 5. Be2 e6 6. O-O Nge7 7. d3 O-O 8. Be3
Nd4 9. Qd2 d6 10. Bd1 a6 11. Bh6 Nec6 12. Bxg7 Kxg7 13. Nxd4 Nxd4 14. Ne2 Nxe2+
15. Bxe2 Qf6 16. Rab1 b5 17. Qa5 Bd7 18. Qc7 Qe7 19. e5 dxe5 20. Bf3 Rac8 21.
Qxe5+ f6 22. Qe3 Qd6 23. Rfe1 Rc7 24. h4 Rfc8 25. g3 Be8 26. Kg2 Bf7 27. Rh1
Ra8 28. Be2 e5 29. b3 b4 30. a3 Rb8 31. Ra1 Rcb7 32. Bd1 a5 33. axb4 axb4 34.
Ra5 Rc7 35. Be2 Be6 36. Rha1 Bf5 37. Ra6 Rb6 38. Rxb6 Qxb6 39. g4 Bc8 40. Bf3
Ra7 41. Rxa7+ Qxa7 42. g5 Qc7 43. gxf6+ Kxf6 44. Qg5+ Kg7 45. h5 Qd6 46. Bd5 h6
47. Qe3 gxh5 48. Be4 h4 49. Kh2 Bd7 50. f3 Qd4 51. Qd2 h3 52. f4 Qd6 53. f5 Qf6
54. Qf2 Qe7 55. Kxh3 Qg5 56. Qxc5 Bxf5+ 57. Bxf5 Qxf5+ 58. Kg2 Qg5+ 59. Kf1
Qc1+ 60. Kf2 Qb2+ 1/2-1/2

[Event "Sparkassen-Open A"]
[Site "Heusenstamm, Martinsee"]
[Date "2017.11.26"]
[Round "7.21"]
[White "Kantane, Anna"]
[Black "Poghosyan, Tigran"]
[Result "0-1"]
[WhiteElo "2263"]
[BlackElo "2175"]
[PlyCount "54"]
[EventDate "2017.??.??"]
[WhiteTeam "vereinslos"]
[BlackTeam "Lübecker SV"]

1. e4 c5 2. Nf3 d6 3. d4 cxd4 4. Nxd4 Nf6 5. Nc3 a6 6. Bg5 Nbd7 7. Qe2 e6 8.
O-O-O Qc7 9. f4 b5 10. a3 Be7 11. g4 Rb8 12. Bg2 h6 13. Bh4 b4 14. axb4 Rxb4
15. Bf2 g5 16. fxg5 Nxg4 17. Bh4 hxg5 18. Be1 Qc5 19. Nd5 Rxd4 20. Rxd4 Qxd4
21. Bc3 Qf2 22. Qc4 Qxg2 23. Qxc8+ Bd8 24. Re1 Qf2 25. Ba5 O-O 26. Ne7+ Kh7 27.
Qxd7 Bxa5 0-1

[Event "Sparkassen-Open A"]
[Site "Heusenstamm, Martinsee"]
[Date "2017.11.26"]
[Round "7.22"]
[White "Lisanti, Andre"]
[Black "Merkel, Markus"]
[Result "1/2-1/2"]
[WhiteElo "2249"]
[BlackElo "2121"]
[PlyCount "24"]
[EventDate "2017.??.??"]
[WhiteTeam "TSV Schott Mainz"]
[BlackTeam "SC Heitersheim"]

1. Nf3 d6 2. e4 Nf6 3. Nc3 c5 4. d4 cxd4 5. Nxd4 Nc6 6. Bb5 Bd7 7. Bg5 e6 8.
Qd3 Qb6 9. O-O-O Be7 10. Be3 Qc7 11. Qe2 a6 12. Ba4 b5 1/2-1/2

[Event "Sparkassen-Open A"]
[Site "Heusenstamm, Martinsee"]
[Date "2017.11.26"]
[Round "7.23"]
[White "Haag, Martin"]
[Black "Heinemann, Ernst"]
[Result "1/2-1/2"]
[WhiteElo "2243"]
[BlackElo "2157"]
[PlyCount "71"]
[EventDate "2017.??.??"]
[WhiteTeam "SC Bonn Beuel"]
[BlackTeam "SK Oldenburg"]

1. c4 c5 2. Nf3 g6 3. e4 Bg7 4. d4 cxd4 5. Nxd4 b6 6. Nc3 Bb7 7. Be3 d6 8. Be2
Nf6 9. f3 O-O 10. O-O Nc6 11. Qd2 Re8 12. Nxc6 Bxc6 13. Rfd1 Qc8 14. Rac1 Qb7
15. Bd4 Rac8 16. Bf1 Qb8 17. Nd5 Nxd5 18. cxd5 Bxd4+ 19. Qxd4 Bb7 20. Bb5 Rxc1
21. Rxc1 Rc8 22. Rc4 Rxc4 23. Qxc4 Qc8 24. Bc6 Qc7 25. b4 e5 26. g3 Bc8 27. Kg2
Kg7 28. Qe2 f6 29. Qe3 Qe7 30. Qc1 Qc7 31. a4 Ba6 32. Qc3 Bc8 33. Qc1 a6 34. g4
g5 35. h4 h6 36. h5 1/2-1/2

[Event "Sparkassen-Open A"]
[Site "Heusenstamm, Martinsee"]
[Date "2017.11.26"]
[Round "7.24"]
[White "Henrich, Thomas"]
[Black "Dietze, Frank"]
[Result "1-0"]
[WhiteElo "2216"]
[BlackElo "2154"]
[PlyCount "115"]
[EventDate "2017.??.??"]
[WhiteTeam "SK Marburg"]
[BlackTeam "vereinslos"]

1. e4 c5 2. Nf3 d6 3. d4 cxd4 4. Nxd4 Nf6 5. Nc3 a6 6. h3 e6 7. g4 Qc7 8. g5
Nfd7 9. Be3 b5 10. a4 b4 11. Na2 Nc6 12. Bg2 Rb8 13. Qd2 Nde5 14. Nxc6 Nxc6 15.
O-O Be7 16. c3 b3 17. Nc1 O-O 18. Ne2 Ne5 19. Nd4 Nc4 20. Qe2 g6 21. Bc1 e5 22.
Nf3 Be6 23. Nh2 Rfd8 24. Ng4 Qc8 25. Rd1 Kh8 26. Bf3 a5 27. Kg2 Rf8 28. Nf6 Qd8
29. Nd5 Bxd5 30. exd5 Nb6 31. h4 f5 32. Kg1 Nd7 33. Bg2 h6 34. f4 hxg5 35. fxg5
Kg7 36. Be3 Rh8 37. Bf2 Rh7 38. Rd3 Qc7 39. Rh3 e4 40. Bd4+ Ne5 41. Ra3 Kg8 42.
h5 Bxg5 43. Bxe5 dxe5 44. hxg6 Rxh3 45. Bxh3 Qb6+ 46. Kf1 Qxg6 47. Qf2 Bf4 48.
Qa7 Rf8 49. Qg1 Bg3 50. Rxb3 f4 51. Be6+ Kg7 52. Rb7+ Kf6 53. Qc5 Qe8 54. Qd6
Qd8 55. Bd7+ Kg5 56. Qxe5+ Kh4 57. Be6 f3 58. Rh7# 1-0

[Event "Sparkassen-Open A"]
[Site "Heusenstamm, Martinsee"]
[Date "2017.11.26"]
[Round "7.25"]
[White "Browning, Alex"]
[Black "Meessen, Max"]
[Result "1/2-1/2"]
[WhiteElo "2095"]
[BlackElo "2193"]
[PlyCount "46"]
[EventDate "2017.??.??"]
[WhiteTeam "MS Halver-Schalksmühle"]
[BlackTeam "SK Oldenburg"]

1. e4 e5 2. Nf3 Nc6 3. Bb5 a6 4. Ba4 Nf6 5. O-O Be7 6. Re1 b5 7. Bb3 d6 8. c3
O-O 9. h3 Na5 10. Bc2 c5 11. d4 Nd7 12. Nbd2 exd4 13. cxd4 Nc6 14. a4 Rb8 15.
d5 Nce5 16. Nxe5 Nxe5 17. f4 Ng6 18. Nf3 Bh4 19. Nxh4 Qxh4 20. Rf1 Bxh3 21.
gxh3 Qg3+ 22. Kh1 Qxh3+ 23. Kg1 Qg3+ 1/2-1/2

[Event "Sparkassen-Open A"]
[Site "Heusenstamm, Martinsee"]
[Date "2017.11.26"]
[Round "7.26"]
[White "Wolf, Ulrich Martin"]
[Black "Adocchio, Giampiero"]
[Result "1-0"]
[WhiteElo "2189"]
[BlackElo "2133"]
[PlyCount "137"]
[EventDate "2017.??.??"]
[WhiteTeam "SC Hansa Dortmund"]
[BlackTeam "Mosbacher SC"]

1. Nf3 d5 2. g3 Bg4 3. Bg2 Nd7 4. c4 e6 5. Qa4 Ngf6 6. cxd5 exd5 7. Ne5 Be6 8.
d4 Bd6 9. Nd2 O-O 10. Ndf3 Ne4 11. O-O c6 12. Bf4 h6 13. Nd3 Ndf6 14. Rfc1 a5
15. Qb3 Qe7 16. a4 Bxf4 17. Nxf4 Bf5 18. Nd3 Rfe8 19. Re1 Qc7 20. Rac1 Re7 21.
Qa3 Rae8 22. Nfe5 Qb6 23. e3 Nd7 24. Nxd7 Rxd7 25. Nc5 Rde7 26. Nxe4 Bxe4 27.
Bxe4 Rxe4 28. Rb1 h5 29. b4 h4 30. Kg2 Qc7 31. bxa5 Qd7 32. f3 h3+ 33. Kf2 Qf5
34. Rb2 g5 35. Rd2 g4 36. f4 Qe6 37. Qd3 Qe7 38. Rb2 Qc7 39. Qd1 f5 40. Qd2 c5
41. Qc3 c4 42. Rb5 R8e7 43. Qb4 Rd7 44. Rc5 Qd8 45. Qb6 Qe8 46. Qf6 Qf8 47.
Qg6+ Kh8 48. Qb6 Re8 49. Re2 Qf7 50. a6 bxa6 51. Rc6 Kg7 52. Qxa6 Rde7 53. Qb6
Re6 54. a5 Rxc6 55. Qxc6 c3 56. Qxc3 Qe6 57. Qd3 Ra8 58. Ra2 Ra6 59. Ke2 Qc6
60. Rc2 Qe6 61. Rc7+ Kg6 62. Qb5 Rd6 63. Qb1 Ra6 64. Rb7 Kh5 65. Rh7+ Kg6 66.
Qb7 Qf6 67. Rh4 Ra7 68. Qxa7 Qe7 69. Rh6+ 1-0

[Event "Sparkassen-Open A"]
[Site "Heusenstamm, Martinsee"]
[Date "2017.11.26"]
[Round "7.27"]
[White "Chandler, Patrick"]
[Black "Schulze, Lara"]
[Result "1/2-1/2"]
[WhiteElo "2185"]
[BlackElo "1988"]
[PlyCount "120"]
[EventDate "2017.??.??"]
[WhiteTeam "SC Nied"]
[BlackTeam "SK Lehrte"]

1. d4 Nf6 2. Nf3 e6 3. c3 c5 4. Bg5 d5 5. Nbd2 cxd4 6. cxd4 Nc6 7. e3 a6 8. a3
Be7 9. b4 O-O 10. Bd3 Nd7 11. Bf4 f5 12. h4 Nf6 13. Rc1 Ne4 14. g3 Bd7 15. Nb3
Na7 16. Nc5 Bxc5 17. dxc5 Nc6 18. Ne5 Qe8 19. f3 Nf6 20. Nxc6 Bxc6 21. Bd6 Rf7
22. O-O Bb5 23. Rf2 a5 24. Qe2 Bxd3 25. Qxd3 axb4 26. axb4 e5 27. Qb3 Qe6 28.
Rd2 Re8 29. Rcd1 h6 30. Kg2 g5 31. hxg5 hxg5 32. Rxd5 Nxd5 33. Qxd5 Qxd5 34.
Rxd5 e4 35. f4 gxf4 36. Bxf4 Ra8 37. g4 fxg4 38. Kg3 Ra1 39. b5 Rf1 40. c6 bxc6
41. bxc6 R7xf4 42. exf4 Rc1 43. Kxg4 Rxc6 44. Re5 Kf7 45. Rxe4 Ra6 46. Rb4 Rc6
47. Rb5 Ra6 48. Rh5 Rb6 49. Rh7+ Kg8 50. Ra7 Kf8 51. Kg5 Rb5+ 52. f5 Rb6 53.
Rd7 Ra6 54. Rd8+ Kf7 55. Rb8 Rc6 56. Rb5 Ra6 57. f6 Ra1 58. Rb7+ Kf8 59. Re7
Rg1+ 60. Kf5 Rf1+ 1/2-1/2

[Event "Sparkassen-Open A"]
[Site "Heusenstamm, Martinsee"]
[Date "2017.11.26"]
[Round "7.28"]
[White "Kuznetsov, Volodymyr"]
[Black "Klundt, Klaus"]
[Result "0-1"]
[WhiteElo "2088"]
[BlackElo "2332"]
[PlyCount "82"]
[EventDate "2017.??.??"]
[WhiteTeam "SG Idstein"]
[BlackTeam "SC Heusenstamm"]

1. d4 Nf6 2. Nf3 d5 3. g3 c6 4. Bg2 Bf5 5. Nh4 e6 6. Nxf5 exf5 7. O-O Nbd7 8.
Nd2 Qb6 9. e3 Be7 10. c4 O-O 11. b3 a5 12. a3 Rfd8 13. Qc2 g6 14. Bb2 Ne4 15.
c5 Qc7 16. Nb1 b6 17. f3 Ng5 18. b4 h5 19. Nd2 Ne6 20. Rfe1 Nf6 21. Bc3 axb4
22. axb4 Rxa1 23. Rxa1 h4 24. Nf1 hxg3 25. hxg3 Nh5 26. Kf2 Bf6 27. Bh3 Ng5 28.
Bg2 Re8 29. Ra6 bxc5 30. dxc5 d4 31. Bxd4 Bxd4 32. exd4 f4 33. g4 Ng3 34. Qd3
Qe7 35. Ra1 Nh3+ 36. Bxh3 Qh4 37. Bg2 Ne2+ 38. Ng3 Qxg3+ 39. Kf1 Qh2 40. Kf2
Re3 41. Qa6 Nxd4 0-1

[Event "Sparkassen-Open A"]
[Site "Heusenstamm, Martinsee"]
[Date "2017.11.26"]
[Round "7.29"]
[White "Konik, Michael"]
[Black "Schmitzer, Klaus"]
[Result "0-1"]
[WhiteElo "2085"]
[BlackElo "2242"]
[PlyCount "74"]
[EventDate "2017.??.??"]
[WhiteTeam "SK Mainaschaff"]
[BlackTeam "Bad Vilbeler Sfr"]

1. e4 c6 2. d4 d5 3. Nc3 dxe4 4. Nxe4 Nf6 5. Nxf6+ gxf6 6. Nf3 Bg4 7. Be2 Qc7
8. Be3 Nd7 9. Qd2 e6 10. O-O-O O-O-O 11. Bf4 Bd6 12. Bxd6 Qxd6 13. Qa5 Kb8 14.
Rd3 Nb6 15. Ra3 Bxf3 16. Qxa7+ Kc7 17. Ba6 Qf4+ 18. Kb1 Bxg2 19. Qxb7+ Kd6 20.
Rc1 Rb8 21. Qxf7 Nd5 22. Re1 Rhe8 23. Qa7 Rb6 24. Rb3 Qxd4 25. Bd3 Qxf2 26. Rc1
Re7 27. Qa8 Rxb3 28. cxb3 Rc7 29. Qd8+ Ke5 30. Qb8 Be4 31. Bxe4 Kxe4 32. Qg8
Ke5 33. a4 c5 34. Rc2 Qf1+ 35. Rc1 Qd3+ 36. Ka1 Qe3 37. Rf1 Rb7 0-1

[Event "Sparkassen-Open A"]
[Site "Heusenstamm, Martinsee"]
[Date "2017.11.26"]
[Round "7.30"]
[White "Petiko, Nikolai"]
[Black "Prill, Daniel"]
[Result "0-1"]
[WhiteElo "2064"]
[BlackElo "2234"]
[PlyCount "62"]
[EventDate "2017.??.??"]
[WhiteTeam "SV Breitenworbis"]
[BlackTeam "SC Heitersheim"]

1. d4 d5 2. Nf3 Nf6 3. e3 c6 4. c4 a6 5. Bd3 g6 6. Nbd2 Bg7 7. O-O O-O 8. b3
Bf5 9. Be2 b5 10. Nh4 Qa5 11. Nxf5 gxf5 12. Qc2 e6 13. Bb2 Nbd7 14. f4 Rfc8 15.
c5 Ne4 16. Nxe4 dxe4 17. g4 Nf6 18. gxf5 exf5 19. Bc3 Qd8 20. b4 Nd5 21. Bd2
Qh4 22. Rae1 Re8 23. Bd1 Re6 24. Re2 Qh3 25. Rff2 Rg6+ 26. Kh1 Kh8 27. Qc1 Rg8
28. Bb3 Bf6 29. Bxd5 Bh4 30. Bxf7 Bxf2 31. Rxf2 Rg2 0-1

[Event "Sparkassen-Open A"]
[Site "Heusenstamm, Martinsee"]
[Date "2017.11.26"]
[Round "7.31"]
[White "Mischke, Gabriel"]
[Black "Dunsbach, Ralf"]
[Result "0-1"]
[WhiteElo "2049"]
[BlackElo "2209"]
[PlyCount "82"]
[EventDate "2017.??.??"]
[WhiteTeam "TSV Schott Mainz"]
[BlackTeam "SK Bad Homburg"]

1. e4 c5 2. c3 Nf6 3. e5 Nd5 4. d4 e6 5. Nf3 cxd4 6. cxd4 d6 7. Be2 Nc6 8. O-O
Be7 9. Nbd2 O-O 10. Ne4 dxe5 11. Nxe5 Bd7 12. Nxd7 Qxd7 13. Nc3 Bf6 14. Be3
Nxc3 15. bxc3 Rfd8 16. Bf3 Rac8 17. Qa4 Nxd4 18. Qxa7 Nxf3+ 19. gxf3 Qc6 20.
Rab1 b5 21. Qa5 Rd5 22. Rfc1 Ra8 23. Qb4 Ra4 24. Qb3 Rc4 25. Qa3 h6 26. Rb4
Rxc3 27. Rxc3 Qxc3 28. Qxc3 Bxc3 29. Rb3 Be5 30. f4 Bd6 31. a3 Kf8 32. Kg2 Ke7
33. Kf3 Kd7 34. Bb6 Kc6 35. Ba5 Rh5 36. Rc3+ Kd7 37. Bb4 Rh3+ 38. Ke4 Rxc3 39.
Bxc3 f5+ 40. Ke3 g5 41. fxg5 hxg5 0-1

[Event "Sparkassen-Open A"]
[Site "Heusenstamm, Martinsee"]
[Date "2017.11.26"]
[Round "7.32"]
[White "Erdmann, Stefan"]
[Black "Held, Carsten"]
[Result "1/2-1/2"]
[WhiteElo "2194"]
[BlackElo "2070"]
[PlyCount "44"]
[EventDate "2017.??.??"]
[WhiteTeam "SC Bad Soden"]
[BlackTeam "SC Ladja Roßdorf"]

1. d4 Nf6 2. c4 c5 3. d5 b5 4. cxb5 a6 5. bxa6 g6 6. Nf3 Bxa6 7. Nc3 d6 8. g3
Bg7 9. Bg2 Nbd7 10. Rb1 O-O 11. O-O Qa5 12. Qc2 Nb6 13. Nd2 Bc4 14. Nxc4 Nxc4
15. Rd1 Rfb8 16. e4 Nd7 17. Bd2 Nxd2 18. Qxd2 Nb6 19. Bf1 Na4 20. Nxa4 Qxd2 21.
Rxd2 Rxa4 22. a3 Rxe4 1/2-1/2

[Event "Sparkassen-Open A"]
[Site "Heusenstamm, Martinsee"]
[Date "2017.11.26"]
[Round "7.33"]
[White "Zimmermann, Rolf"]
[Black "Schlößner, Henrik"]
[Result "1/2-1/2"]
[WhiteElo "2178"]
[BlackElo "2059"]
[PlyCount "38"]
[EventDate "2017.??.??"]
[WhiteTeam "SC Tornado Hochneukirch"]
[BlackTeam "SK Gründau"]

1. c4 e5 2. Nc3 d6 3. Nf3 f5 4. d3 Nf6 5. g3 g6 6. Bg2 Bg7 7. e3 O-O 8. b3 c6
9. Bb2 h6 10. Qc2 Be6 11. c5 Na6 12. cxd6 Nb4 13. Qe2 Qxd6 14. Rd1 Rad8 15. O-O
Rfe8 16. Rd2 Bf7 17. Rfd1 Qc7 18. d4 exd4 19. Nxd4 Nbd5 1/2-1/2

[Event "Sparkassen-Open A"]
[Site "Heusenstamm, Martinsee"]
[Date "2017.11.26"]
[Round "7.34"]
[White "Berghof, Axel"]
[Black "Rettig, Helge"]
[Result "1-0"]
[WhiteElo "2173"]
[BlackElo "2005"]
[PlyCount "79"]
[EventDate "2017.??.??"]
[WhiteTeam "SC Suhl"]
[BlackTeam "SF Verl"]

1. e4 c6 2. d4 d5 3. e5 Bf5 4. Ne2 e6 5. Ng3 Bg6 6. h4 h6 7. h5 Bh7 8. Bd3 Bxd3
9. Qxd3 c5 10. c3 cxd4 11. cxd4 Nc6 12. O-O Bb4 13. a3 Ba5 14. b4 Bb6 15. Be3
Nge7 16. Nd2 O-O 17. Nb3 Qd7 18. Rab1 Rab8 19. Qd2 Nf5 20. Nxf5 exf5 21. Rfc1
f6 22. f4 Qf7 23. a4 fxe5 24. dxe5 d4 25. Bf2 a6 26. b5 axb5 27. axb5 Ne7 28.
Bxd4 Rfd8 29. Qf2 Rxd4 30. Nxd4 Qd5 31. Rb4 Rd8 32. Rcc4 Bc5 33. Ra4 Nc8 34.
Qa2 Kh7 35. Kh2 Bxd4 36. Qc2 Bg1+ 37. Kxg1 Qd1+ 38. Qxd1 Rxd1+ 39. Kh2 Nb6 40.
Rd4 1-0

[Event "Sparkassen-Open A"]
[Site "Heusenstamm, Martinsee"]
[Date "2017.11.26"]
[Round "7.35"]
[White "Hoppe, Thilo"]
[Black "Junker, Christian"]
[Result "1/2-1/2"]
[WhiteElo "2128"]
[BlackElo "1952"]
[PlyCount "103"]
[EventDate "2017.??.??"]
[WhiteTeam "SC Bonn Beuel"]
[BlackTeam "SV Neu-Isenburg"]

1. d4 f5 2. Nf3 Nf6 3. g3 e6 4. Bg2 d5 5. c4 c6 6. O-O Be7 7. b3 Ne4 8. Ne5 O-O
9. f3 Nd6 10. Nc3 Nd7 11. Nxd7 Bxd7 12. Qd3 Be8 13. c5 Nc8 14. f4 b6 15. Na4 b5
16. Nb2 a5 17. Qe3 Qd7 18. a4 b4 19. Nd3 Bf6 20. Ne5 Qe7 21. Bd2 Kh8 22. Bf3
Rg8 23. Kh1 g6 24. Rad1 Qg7 25. Rg1 Bxe5 26. dxe5 h5 27. Qd4 Ne7 28. Rg2 Bf7
29. Rdg1 Qf8 30. h3 Rg7 31. Rh2 Rh7 32. Rgg2 Ra7 33. Be1 Ng8 34. g4 Qe7 35.
gxh5 gxh5 36. Rg5 h4 37. Rhg2 Ra8 38. Qg1 Qf8 39. Bf2 Ne7 40. Qe1 Qh6 41. Qd2
Ra7 42. Rg1 Ra8 43. Bd4 Qf8 44. Qd3 Ra7 45. Kh2 Ra8 46. R1g2 Ra7 47. Qe3 Ra8
48. Qf2 Qh6 49. Qe1 Ra7 50. Bf2 Ra8 51. Qg1 Qf8 52. Qe1 1/2-1/2